00514cam a22001811 4500001000800000005001700008008004100025010001700066035001900083040004500102041000800147080001600155082001600171100000700187101000800194245008900202504004100291928754420180215031712.0770907s1948 nyua b 000 0 eng c aagr48000530  a(OCoLC)3248256 aU.S. Dept. of Agr., Libr.cOCdNcRSdDLC aeng a636.085 MOR a636.085 MOR1 a10 aNUT10aFeeds and feeding;cby Frank B. Morrison, assisted by Elsie B. Morrison [and others] a"References" at end of each chapter.